000 00767 a2200205 4500
001 59979
005 20260407155852.0
008 260407a1971 arg spa d
003 AR-UNSa-BCEJYS
040 _aAR-UNSa-BCEJYS
_bspa
_cAR-UNSa-BCEJYS
080 _a342
_xDerecho constitucional (Derecho Público)
245 1 0 _aDerecho constitucional e instituciones políticas
264 1 _aBarcelona :
_bEdiciones Ariel
_c1971
300 _a958 p.
_c19 cm.
505 _a1. El derecho constitucional clásico - 2. El derecho constitucional clásico puesto a prueba por unos mundos nuevos – 3. Derecho constitucional y las instituciones políticas en España
041 _aspa
942 _cBK
590 _aniveau_biblio:m niveau_hierar:0
100 1 _aHauriou, André
999 _c6865
_d6865